000 00611nam a2200205Ii 4500
001 5762
003 CO-ViMGA
008 241108s9999||||xx |||||||||||||| ||und||
040 _aCO-ViMGA
_bspa
_erda
_cCO-ViMGA
041 0 _aunk
082 0 4 _aA863-C345
100 1 _aArturo Capdevila
_945021
245 1 0 _a<El> amor de Schahrazada Zincalí
264 1 _a[Lugar de publicación no identificado] : Editorial Losada, 1957
300 _avolumen
336 _atext
_btxt
_2rdacontent
337 _aunmediated
_bn
_2rdamedia
338 _avolume
_bnc
_2rdacarrier
940 _aidficha_siabuc: 5616. -- ficha_no_siabuc:5762
999 _c50338
_d50338